Numbers 1-10 Ranked - Statistics

General Stats
  • This quiz has been taken 56 times
  • The average score is 2 of 10
Answer Stats
Hint Answer % Correct
Best 7
33%
9th Best 9
33%
8th Best 3
27%
6th Best 4
20%
2nd Best 8
17%
5th Best 1
10%
4th Best 2
7%
7th Best 6
7%
3rd Best 10
3%
10th Best 5
3%
No matching quizzes found
Score Distribution
Percent of People with Each Score
Percentile by Number Answered
Your Score History
You have not taken this quiz